Стенограмма 4-го заседания Пленума 4-й сессии ЦИК СССР 7-го созыва /утро/ /2-й контрольный экземпляр/

Доступно только в Электронных читальных залах Найти на картеНа карте
RUSMARC
00004517nac2a22003013x 450
0019dd1791f-76df-4993-95a9-fbfb7447d73c
00520210719230726.0
100##$a20210612l1937 k y0rusy50 ca
1010#$arus
102##$aRU
105##$ay z |||||
1220#$ad19370709
2001#$aСтенограмма 4-го заседания Пленума 4-й сессии ЦИК СССР 7-го созыва /утро/ /2-й контрольный экземпляр/
$j09.07.1937
215##$a97 листов
251##$cДело
300##$aЗаголовок дела на папке: Стенограмма 4-го заседания Пленума 4-й сессии ЦИК СССР VII-го созыва. 9 июля 1937 года. (Утро)
300##$a2-й контрольный экземпляр
300##$aМашинописный и рукописный текст
330##$aВходит в раздел описи: VII-й Съезд Советов. 4-я Сессия ЦИК СССР
461#0$1001796d4672-8a00-4986-b488-6e42273792cc
$12001
$aЦЕНТРАЛЬНЫЙ ИСПОЛНИТЕЛЬНЫЙ КОМИТЕТ СССР (ЦИК СССР)
$1251
$cФонд
$1852
$j3316
$gР
462#0$10012246e4af-064a-4b66-b386-cae0ddb7fb2d
$12001
$aДела 7-го Съезда Советов и 1-й, 2-й, 3-й, 4-й Сессий 7-го созыва. 1935-1937 гг.
$vД. 220
$1251
$cОпись
$1852
$j7
5171#$aСтенограмма 4-го заседания Пленума 4-й сессии ЦИК СССР VII-го созыва. 9 июля 1937 года. (Утро)
60101$3RU\NLR\AUTH\880357276
$aСССР
$bЦИК
60102$3RU\NLR\AUTH\880399378
$aСССР
$bЦИК
$bСозыв
$c7
$bСессия
$d4
60102$aСССР. ЦИК. Созыв (7). Сессия (4). Заседание Пленума (4)
801#0$aRU
$bGA_RF
801#1$aRU
$bГлавНИВЦ
$c20210612
$2rusmarc
801#2$aRU
$bПБ им. Б.Н. Ельцина
$c20210719
$gRCR
$2rusmarc
852##$aГА РФ
$j220
937##$d166431882
$hГАРФ
035##$aRuPRLIB51060672
856##$uhttp://readingroom.main.prlib.ru/item.aspx?id_node=n166431882&mode=full
Формат отображения